000 00348 a2200097 4500
245 0 0 _aOdbiorniki radiofoniczne - Wymagania elektryczne i elektroakustyczne PN-77/T-06251/01 /
_cMin. Przem. Maszynowego.
246 1 3 _aPN-77/T-06251/01
246 1 3 _a621.396.62.001.4
260 _aWarszawa :
_bMin. Przem. Maszynowego,
_c1977.
300 _a3 stron ;
_c30 cm.
650 _aPolska norma
999 _c20700
_d20700